Üçyüz yıllık gecikme: (Record no. 14335)

MARC details
000 -BAŞLIK
Sabit Uzunlukta Kontrol Alanı 00903nam a22002537a 4500
999 ## - SİSTEM KONTROL NUMARALARI (KOHA)
Koha Biblionumber 14335
Koha Biblioitemnumber 14335
003 - KONTROL NUMARASI IDENTIFIER
Denetim Alanı MIRAKIL
005 - SON İŞLEM TARİHİ VE ZAMANI
Denetim Alanı 20211214000619.0
008 - SABİT-BOY VERİ ELEMANLARI - GENEL BİLGİLER
Sabit Uzunlukta Kontrol Alanı 210325b tu ||||| |||| 00| 0 tur d
020 ## - ULUSLARARASI STANDART KİTAP NUMARASI
Uluslararası Standart Kitap Numarası 9758454447
040 ## - KATALOGLAMA KAYNAK
Orijinal Kataloglama Ajansı TR-AnCHP
Metne Dönüştürmek Ajansı TR-AnCHP
041 ## - DİL KODU
Metin / Ses Parça Veya Ayrı Başlığın Dil Kodu Tur
082 ## - DEWEY ONLU SINIFLANDIRMA NUMARASI
Sınıflandırma Numarası 320.9561
Ürün Numarası İ57ü 2002
100 1# - ANA GİRİŞ - KİŞİSEL İSİM
Kişisel Ad İnönü, Erdal
245 10 - BAŞLIK TABLOSU
Başlık Üçyüz yıllık gecikme:
Başlığın Kalan tarih, kültür, bilim ve siyaset üzerine konuşmalar /
Sorumluluk Tablosu, Vb Erdal İnönü.
246 ## - UNVAN FORM VARYING
Başlık Doğru / Kısa Başlığı tarih, kültür, bilim ve siyaset üzerine konuşmalar
250 ## - EDITION TABLOSU
Baskı Beyanı 2 bs.
260 ## - YAYIN, DAĞITIM, VB
Yayın, Dağıtım, Vb Yeri İstanbul:
Yayıncı, Dağıtıcı, Vs Adı Büke Yayıncılık,
Yayın, Dağıtım, Vb Tarihi 2002.
300 ## - FİZİKSEL TANIM
Kapsam 255 s.:
Diğer Fiziksel Ayrıntıları grf.,
Boyutlar 19 sm.
600 14 - KONU KATMA GİRİŞ - KURUMSAL ADI
9 (RLIN) 3613
Kişisel Ad İnönü, Erdal
Bir Adıyla İlişkilendirilen Tarihler 1926-2007
Genel Alt Bölümü Siyasal ve sosyal görüşler
600 14 - KONU KATMA GİRİŞ - KURUMSAL ADI
9 (RLIN) 3613
Kişisel Ad İnönü, Erdal
Bir Adıyla İlişkilendirilen Tarihler 1926-2007
Genel Alt Bölümü Konuşmalar
650 #0 - KONU KATMA GİRİŞ - TOPİKAL DÖNEM
Topikal Süreli Veya Coğrafi Ad Giriş Elemanı Siyaset ve yönetim
Genel Alt Bölümü Türkiye
9 (RLIN) 9
740 ## - KATMA GİRİŞ - KONTROLSUZ İLGİLİ / ANALİTİK BAŞLIK
Kontrol Edilmeyen / İlgili Analitik Başlıktaki tarih, kültür, bilim ve siyaset üzerine konuşmalar
942 ## - EKLENDİ GİRİŞ ELEMANLARI (KOHA)
Sınıflandırma Veya Raf Düzeni Kaynak Dewey Decimal Classification
Koha Öğesi Türü Books
Holdings
Kalıcı Konum Mevcut Konum Edinme Tarihi Toplam Check-Out'Lar Tam Çağrı Numarası Barkod Tarih Son Görülme İtibaren Geçerli Fiyatlar Sigara Kamu Notu Koha Öğesi Türü
CHP Kütüphanesi CHP Kütüphanesi 03/25/2021   320.9561 İ57ü 2002 019817 03/25/2021 03/25/2021 Emine Başak Alkan Bağışıdır. Books